000 01060cam a2200289 a 4500
001 11955906
003 NUST-PNEC
005 20170116180712.0
008 000328s1998 enka f 000 0 eng
010 _a 00302865
020 _a0340725133
020 _a0340872713
040 _cPNEC
050 0 0 _aQD65
_b.H66 1998
082 0 0 _a540.20 HUN
_221
100 1 _aHunt, J. A.
_q(James Andrew),
_d1942-
245 1 4 _aThe complete A-Z chemistry handbook /
_cAndrew Hunt.
246 1 8 _aA-Z chemistry handbook
260 _aLondon :
_bHodder & Stoughton,
_c1998.
300 _aiv, 380 p. :
_bill. ;
_c24 cm.
500 _ahttp://www.amazon.com/Complete--z-Chemistry-Handbook--Z/dp/0340872713/ref=sr_1_1?s=books&ie=UTF8&qid=1413275797&sr=1-1&keywords=0340872713
650 0 _aChemistry
_vHandbooks, manuals, etc.
650 0 _aChemistry
_xME
_vStudy guides.
906 _a7
_bcbc
_corigcop
_d3
_encip
_f20
_gy-gencatlg
942 _2ddc
_cBK
999 _c61008
_d61008